Diana : (Record no. 130889)

MARC details
000 -LEADER
fixed length control field 00731nam a22002417a 4500
003 - CONTROL NUMBER IDENTIFIER
control field dpl
005 - DATE AND TIME OF LATEST TRANSACTION
control field 20180525154540.0
008 - FIXED-LENGTH DATA ELEMENTS--GENERAL INFORMATION
fixed length control field 180525b xxu||||| |||| 00| 0 eng d
010 ## - LIBRARY OF CONGRESS CONTROL NUMBER
LC control number A-935752, A-935775
020 ## - INTERNATIONAL STANDARD BOOK NUMBER
Terms of availability 50.00
035 ## - SYSTEM CONTROL NUMBER
System control number A-935752
037 ## - SOURCE OF ACQUISITION
Source of stock number/acquisition Cen Lib/Ret
040 ## - CATALOGING SOURCE
Original cataloging agency DPL
Language of cataloging EN
Transcribing agency 0
082 ## - DEWEY DECIMAL CLASSIFICATION NUMBER
Classification number 921
Item number NAG
100 ## - MAIN ENTRY--PERSONAL NAME
Personal name Nagaich, Parkash
9 (RLIN) 30351
245 ## - TITLE STATEMENT
Title Diana :
Statement of responsibility, etc by Parkash Nagaich
Remainder of title princess of wales /
260 ## - PUBLICATION, DISTRIBUTION, ETC. (IMPRINT)
Place of publication, distribution, etc New Delhi
Name of publisher, distributor, etc Diamond Pockrt Books
Date of publication, distribution, etc 1997
270 ## - ADDRESS
Address X-30, Okhla Industrial Area, Phase-II
City New Delhi
Postal code 110020
300 ## - PHYSICAL DESCRIPTION
Extent 143p.
Dimensions 21cm(Hb)
650 ## - SUBJECT ADDED ENTRY--TOPICAL TERM
Topical term or geographic name as entry element Diana, Princess of Wales, 1961-1997
9 (RLIN) 30352
650 ## - SUBJECT ADDED ENTRY--TOPICAL TERM
Topical term or geographic name as entry element Princesses
9 (RLIN) 30353
942 ## - ADDED ENTRY ELEMENTS (KOHA)
Source of classification or shelving scheme Dewey Decimal Classification
Koha item type English Books
Classification part 921
Call number suffix NAG
Holdings
Withdrawn status Lost status Damaged status Not for loan Home library Current library Date acquired Source of acquisition Cost, normal purchase price Total Checkouts Full call number Barcode Date last seen Copy number Cost, replacement price Price effective from Koha item type Source of classification or shelving scheme Collection code Total Renewals Date checked out
        Central Library Central Library 10/07/2015 Cen Lib/Ret 50.00   921 NAG A-935752 10/07/2015 1 50.00 10/07/2015 English Books        
        Shahdara Branch Shahdara Branch 25/05/2018 BPPD/PUB 50.00 1 921 NAG A-935775 26/06/2018   50.00 25/05/2018 English Books Dewey Decimal Classification Non-fiction 1 07/06/2018

© Delhi Public Library
Hit Counter
free hit counter